000 00449nam a2200181Ia 4500
001 22428
005 20260414150830.0
008 260414t2003||||xx |||||||||||||| ||spa||
041 _aESP
082 _a621.381
_bT65
100 _aTocci, Ronald J.
_eAUT
245 0 _aSistemas digitales :
_bprincipios y aplicaciones
260 _c2003
300 _axxvi, 881 páginas :
_c25 cm.
650 _aTCA
654 _aCET
942 _cLIB
_dJUS
_fJUS
_2ddc
_n
999 _c22428
_d22428